000 01221pam a2200325 a 4500
001 2067326
003 OSt
005 20140310181628.0
008 940204s1994 enka bd 000 0deng
010 _a 94004539
020 _a0198691629 :
_c£25.00
040 _aDLC
_cDLC
_dDLC
050 0 0 _aML 100
_b.K35 1994
082 0 0 _aREF 780.03
_bK384 1994
100 1 _aKennedy, Michael,
_d1926-
245 1 4 _aThe Oxford dictionary of music /
_cMichael Kennedy, Joyce Bourne (associate editor)
250 _a2nd ed.
260 _aNew York :
_bOxford University Press,
_cc1994.
300 _axv, 985 p.
_c24 cm.
650 0 _aMusic
_xDictionaries.
650 0 _aMusic
_xBio-bibliography.
700 1 _aKennedy, Joyce Bourne.
856 4 2 _3Publisher description
_uhttp://www.loc.gov/catdir/enhancements/fy0605/94004539-d.html
856 4 1 _3Table of contents only
_uhttp://www.loc.gov/catdir/enhancements/fy0605/94004539-t.html
856 4 2 _3Contributor biographical information
_uhttp://www.loc.gov/catdir/enhancements/fy0724/94004539-b.html
906 _a7
_bcbc
_corignew
_d1
_eocip
_f19
_gy-gencatlg
942 _2lcc
_cBK
999 _c395
_d395